[Event "Sant Adria 6th"]
[Site "Sant Adria de Besos"]
[Date "2010.05.16"]
[Round "6"]
[White "Serentill Tost, Eduard"]
[Black "Garcia Arenas, Enric"]
[Result "0-1"]
[WhiteElo "1730"]
[BlackElo "1848"]
[PlyCount "68"]
[EventDate "2010.04.11"]
[EventType "swiss"]
[EventRounds "8"]
[EventCountry "ESP"]
[SourceTitle "EXT 2024"]
[Source "ChessBase"]
[SourceDate "2023.10.10"]
[SourceVersion "1"]
[SourceVersionDate "2023.10.10"]
[SourceQuality "1"]

1. e4 e6 2. d4 d5 3. Nc3 Bb4 4. e5 c5 5. Bd2 cxd4 6. Nb5 Bc5 7. f4 a6 8. Na3 Qb6 9. Rb1 d3 10. Nh3 dxc2 11. Qxc2 Nc6 12. b4 Nxb4 13. Qa4+ Bd7 14. Bb5 Bxb5 15. Nxb5 Qxb5 16. Qxb5+ axb5 17. Bxb4 Bxb4+ 18. Rxb4 Rxa2 19. 0-0 Ne7 20. Rxb5 0-0 21. Rxb7 Nf5 22. Rfb1 h6 23. Rb8 Rxb8 24. Rxb8+ Kh7 25. Rb7 Kg6 26. g4 Ne3 27. f5+ exf5 28. gxf5+ Kxf5 29. Rxf7+ Kxe5 30. Rxg7 d4 31. Re7+ Kd5 32. Nf4+ Kd6 33. Re6+ Kd7 34. Rxh6 Ra1+ 0-1

[Event "Sant Adria 6th"]
[Site "Sant Adria de Besos"]
[Date "2010.05.02"]
[Round "4"]
[White "Gomez Pardo Gordillo, Victor"]
[Black "Garcia Arenas, Enric"]
[Result "1-0"]
[WhiteElo "2052"]
[BlackElo "1848"]
[PlyCount "99"]
[EventDate "2010.04.11"]
[EventType "swiss"]
[EventRounds "8"]
[EventCountry "ESP"]
[SourceTitle "EXT 2024"]
[Source "ChessBase"]
[SourceDate "2023.10.10"]
[SourceVersion "1"]
[SourceVersionDate "2023.10.10"]
[SourceQuality "1"]

1. e4 e6 2. d4 d5 3. Nc3 Bb4 4. e5 c5 5. a3 Bxc3+ 6. bxc3 Nc6 7. Nf3 Nge7 8. Bd3 Bd7 9. 0-0 Rc8 10. a4 cxd4 11. cxd4 Na5 12. Ng5 h6 13. Qh5 g6 14. Qh3 Nf5 15. Nf3 Nc6 16. Bg5 Nce7 17. Bf6 Rg8 18. g4 g5 19. Qh5 Nh4 20. Nxh4 gxh4 21. Bh7 Qb6 22. Bxg8 Nxg8 23. Rab1 Qxd4 24. Rxb7 Nxf6 25. exf6 Qxf6 26. g5 hxg5 27. Qe2 Bc6 28. Rb4 d4 29. Rc4 Ke7 30. Qd3 Be4 31. Qa3+ Kd7 32. Rxc8 Kxc8 33. f3 Bd5 34. Qd6 Qd8 35. Qxd8+ Kxd8 36. Rd1 Bxf3 37. Rxd4+ Kc7 38. a5 h3 39. Kf2 g4 40. Rb4 f5 41. c4 Kc6 42. Rb5 Be4 43. Re5 g3+ 44. Kxg3 f4+ 45. Kxf4 Bf5 46. Ke3 Kd6 47. Kd4 Kc6 48. Rc5+ Kd6 49. Rb5 Kc6 50. a6 1-0